| 000 | 01981cam a22004217i 4500 | ||
|---|---|---|---|
| 001 | 18994431 | ||
| 003 | ARRUPE | ||
| 005 | 20250403092440.0 | ||
| 008 | 160225s2016 cau e b 001 0 eng d | ||
| 010 | _a 2016934497 | ||
| 020 |
_a1612436072 _q(paperback) |
||
| 020 |
_a9781612436074 _q(paperback) |
||
| 035 | _a(OCoLC)ocn939426997 | ||
| 040 |
_aAJU _beng _cAJU _erda _dAJU |
||
| 042 | _alccopycat | ||
| 050 | 0 | 0 |
_aRC523.2 _b.M65 2016 |
| 082 | 0 | 4 |
_a616.8/31 _223 |
| 100 | 1 |
_aMoon, Maggie, _eauthor. _952885 |
|
| 245 | 1 | 4 |
_aThe mind diet : _ba scientific approach to enhancing brain function and helping prevent alzheimer's and dementia / _cMaggie Moon, MS, RDN ; foreword by Sharon Palmer, RDN. |
| 260 |
_aBerkely, CA _bUlysses Press _c2016 |
||
| 300 |
_a296 pages ; _c22 cm |
||
| 504 | _aIncludes bibliographical references (pages 278-285) and indexes. | ||
| 520 | _aOffers a diet plan for the prevention of Alzheimer's disease, discussing the impact of healthy foods on brain function and presenting a collection of recipes for each meal of the day, along with snacks and sides. | ||
| 650 | 0 |
_aAlzheimer's disease _xPrevention _vPopular works. _952886 |
|
| 650 | 0 |
_aAlzheimer's disease _xDiet therapy _vRecipes. _952887 |
|
| 650 | 0 |
_aMemory disorders _xPrevention. _914634 |
|
| 650 | 0 |
_aBrain _xDegeneration _xPrevention. _952888 |
|
| 650 | 4 |
_aHEALTH & FITNESS / Diet & Nutrition / Diets. _952889 |
|
| 650 | 4 |
_aHEALTH & FITNESS / Diseases / Alzheimer's & Dementia. _952890 |
|
| 650 | 4 |
_aHEALTH & FITNESS / Diet & Nutrition / Nutrition. _952617 |
|
| 650 | 7 |
_aHEALTH & FITNESS / Diet & Nutrition / Diets. _952889 |
|
| 650 | 7 |
_aHEALTH & FITNESS / Diseases / Alzheimer's & Dementia. _952890 |
|
| 650 | 7 |
_aHEALTH & FITNESS / Diet & Nutrition / Nutrition. _952617 |
|
| 655 | 7 |
_aCookbooks. _2lcgft _952891 |
|
| 906 |
_a7 _bcbc _ccopycat _d2 _encip _f20 _gy-gencatlg |
||
| 942 |
_2lcc _cMONOGRAPH |
||
| 999 |
_c131957 _d131957 |
||